| 000 | 00447cam a2200169ua 4500 | ||
|---|---|---|---|
| 020 | _c2.25 | ||
| 041 |
_amal _h |
||
| 082 |
_a894.812 303 _bBHA/AD |
||
| 100 | _aBharati, Udhaya Bhanu . | ||
| 245 |
_aAdukkalayilninnu Parliamentilekku, Vol 2 / _cBharati Udaya Bhanu. _hTextual Documents |
||
| 260 |
_aKottayam : _bNational Book Stall , _c1963. |
||
| 300 | _a191 ; . | ||
| 365 | _a2.25 | ||
| 504 | _a | ||
| 942 | _cBK | ||
| 999 |
_c4713 _d4713 |
||